000 00589ntaaa2200193 4500
003 01
005 20251027202444.0
008 0714s1973 ag 01
040 _aAR-BaBN
_bspa
_cAR-BaBN
_eaacr
_dRIC
082 _a266.0230 St4u
100 _aStevens, Paul M.
_923398
245 _aThe ultimate weapon - Christianity; the case for a foreign policy of militant Christianity.
250 _a1 ed.
260 _aFt. Worth, TX :
_bRadio and Television Commission of the SBC,
_c1966, c1961
300 _a158 p.
650 _aMisiones-Métodos
_914641
650 _aComunismo
_92897
942 _cBK
999 _c19530
_d19530